[Event "Muensterland Regionalliga Gr1 2223"]
[Site "Germany"]
[Date "2023.02.04"]
[Round "6.2"]
[White "Naumann, Felix"]
[Black "Mueller, Achim"]
[Result "1/2-1/2"]
[WhiteElo "1896"]
[BlackElo "1997"]
[PlyCount "51"]
[EventDate "2022.09.03"]
[EventType "team-tourn"]
[EventRounds "7"]
[EventCountry "GER"]
[SourceTitle "EXT 2024"]
[Source "ChessBase"]
[SourceDate "2023.10.10"]
[SourceVersion "1"]
[SourceVersionDate "2023.10.10"]
[SourceQuality "1"]
[WhiteTeam "Bocholt"]
[BlackTeam "Emsdetten Rochade"]
[WhiteTeamCountry "GER"]
[BlackTeamCountry "GER"]

1. d4 f5 2. Nf3 Nf6 3. Bf4 e6 4. e3 b6 5. c4 Bb4+ 6. Nc3 Ne4 7. Rc1 Bb7 8. d5 Bxc3+ 9. bxc3 Na6 10. Be2 0-0 11. 0-0 Nac5 12. h3 d6 13. Bh2 e5 14. Nd2 Qe8 15. f4 c6 16. Nxe4 Nxe4 17. g4 cxd5 18. cxd5 Rc8 19. c4 fxg4 20. Bxg4 Rc5 21. Be6+ Kh8 22. fxe5 dxe5 23. Bxe5 Rxf1+ 24. Qxf1 Ng5 25. Bd6 Nxe6 26. Bxc5 1/2-1/2

[Event "Muensterland Regionalliga Gr1 2223"]
[Site "Germany"]
[Date "2022.09.24"]
[Round "2.1"]
[White "Naumann, Felix"]
[Black "Vos, Thomas"]
[Result "0-1"]
[WhiteElo "1896"]
[BlackElo "2022"]
[PlyCount "48"]
[EventDate "2022.09.03"]
[EventType "team-tourn"]
[EventRounds "7"]
[EventCountry "GER"]
[SourceTitle "EXT 2024"]
[Source "ChessBase"]
[SourceDate "2023.10.10"]
[SourceVersion "1"]
[SourceVersionDate "2023.10.10"]
[SourceQuality "1"]
[WhiteTeam "Bocholt"]
[BlackTeam "Saerbeck"]
[WhiteTeamCountry "GER"]
[BlackTeamCountry "GER"]

1. d4 d5 2. Nf3 Nc6 3. Bf4 Bg4 4. Nbd2 e6 5. e3 Nf6 6. Be2 Bd6 7. Bg3 h5 8. c3 Bxf3 9. Nxf3 Ne4 10. Bxd6 cxd6 11. 0-0 Qe7 12. Rc1 h4 13. c4 h3 14. g3 dxc4 15. d5 exd5 16. Qxd5 Nf6 17. Qxc4 d5 18. Qa4 Rc8 19. Nd4 0-0 20. Bf3 Ne5 21. Be2 Nc4 22. Nf3 Nxe3 23. Rxc8 Rxc8 24. Ra1 Nc2 0-1

[Event "Muensterland Regionalliga playoff Gr1"]
[Site "Germany"]
[Date "2022.05.21"]
[Round "4.3"]
[White "Beckmann, David"]
[Black "Naumann, Felix"]
[Result "1/2-1/2"]
[WhiteElo "2027"]
[BlackElo "1932"]
[PlyCount "73"]
[EventDate "2022.03.19"]
[EventType "team-tourn"]
[EventRounds "5"]
[EventCountry "GER"]
[SourceTitle "EXT 2023"]
[Source "ChessBase"]
[SourceDate "2022.10.05"]
[SourceVersion "1"]
[SourceVersionDate "2022.10.05"]
[SourceQuality "1"]
[WhiteTeam "Borken"]
[BlackTeam "Bocholt"]
[WhiteTeamCountry "GER"]
[BlackTeamCountry "GER"]

1. d4 Nf6 2. Nf3 e6 3. g3 c5 4. c4 cxd4 5. Nxd4 Nc6 6. Nxc6 bxc6 7. Bg2 Bb4+ 8. Nd2 0-0 9. 0-0 d5 10. Qa4 Qa5 11. Qxa5 Bxa5 12. Nb3 Bb6 13. cxd5 cxd5 14. Bd2 Ba6 15. Rfe1 Rac8 16. Bb4 Rfd8 17. e3 Rc2 18. Bc3 Ng4 19. Nd4 Bxd4 20. Bxd4 Nxf2 21. Bxa7 Nd3 22. Reb1 Rxb2 23. Bf1 Rxb1 24. Rxb1 e5 25. Bxd3 Bxd3 26. Rb8 Rxb8 27. Bxb8 f6 28. a4 Kf7 29. a5 Ke6 30. Bc7 d4 31. Bb6 dxe3 32. Bxe3 g5 33. Kf2 h6 34. g4 h5 35. gxh5 Kf7 36. Kg3 Kg7 37. h4 1/2-1/2

[Event "Muensterland Regionalliga playoff Gr1"]
[Site "Germany"]
[Date "2022.04.30"]
[Round "3.2"]
[White "Voss, Andreas1111"]
[Black "Naumann, Felix"]
[Result "0-1"]
[WhiteElo "1830"]
[BlackElo "1932"]
[PlyCount "108"]
[EventDate "2022.03.19"]
[EventType "team-tourn"]
[EventRounds "5"]
[EventCountry "GER"]
[SourceTitle "EXT 2023"]
[Source "ChessBase"]
[SourceDate "2022.10.05"]
[SourceVersion "1"]
[SourceVersionDate "2022.10.05"]
[SourceQuality "1"]
[WhiteTeam "Muenster SK IV"]
[BlackTeam "Bocholt"]
[WhiteTeamCountry "GER"]
[BlackTeamCountry "GER"]

1. d4 Nf6 2. Bg5 e6 3. e4 Be7 4. Bd3 b6 5. e5 Nd5 6. Bxe7 Nxe7 7. Qg4 Bb7 8. Ne2 g6 9. Nd2 d5 10. Qf4 Nd7 11. Nf3 h6 12. h4 c5 13. c3 Qc7 14. Nh2 Bc6 15. a4 a6 16. Ng4 h5 17. Nf6+ Nxf6 18. Qxf6 Rf8 19. f3 c4 20. Bc2 Rb8 21. g4 Ng8 22. Qg5 hxg4 23. fxg4 Qe7 24. Qxe7+ Kxe7 25. Rf1 Nh6 26. Rf4 Rh8 27. 0-0-0 Ng8 28. Rdf1 Nh6 29. Ng1 Rbg8 30. Nh3 Rg7 31. Ng5 Ra8 32. Rf6 Rh8 33. R6f4 Be8 34. Rh1 Rhg8 35. Kd2 Bd7 36. Rhf1 Rb8 37. Rf6 b5 38. axb5 axb5 39. Bd1 b4 40. cxb4 Rxb4 41. Kc3 Rb7 42. h5 gxh5 43. Rxh6 Rxg5 44. gxh5 Rg3+ 45. Kc2 Rg2+ 46. Kc1 Rbxb2 47. Rf3 Ra2 48. Kb1 Rad2 49. Kc1 Rxd4 50. Rhf6 Be8 51. Rh3 Rg1 52. h6 Rgxd1+ 53. Kc2 R4d2+ 54. Kc3 Rd3+ 0-1

[Event "Muensterland Regionalliga 1819"]
[Site "Germany"]
[Date "2019.05.11"]
[Round "9.4"]
[White "Naumann, Felix"]
[Black "Austrup, David"]
[Result "0-1"]
[WhiteElo "1860"]
[BlackElo "1952"]
[PlyCount "24"]
[EventDate "2018.09.08"]
[EventType "team-tourn"]
[EventRounds "9"]
[EventCountry "GER"]
[SourceTitle "EXT 2020"]
[Source "ChessBase"]
[SourceDate "2019.10.17"]
[SourceVersion "1"]
[SourceVersionDate "2019.10.17"]
[SourceQuality "1"]
[WhiteTeam "Bocholt"]
[BlackTeam "Muenster III"]
[WhiteTeamCountry "GER"]
[BlackTeamCountry "GER"]

1. d4 Nf6 2. Nf3 g6 3. Bf4 Bg7 4. e3 d6 5. Bd3 c5 6. c3 Qb6 7. Qb3 Be6 8. c4 Nh5 9. Bg3 Nc6 10. dxc5 Qxb3 11. axb3 Bxb2 12. Ra2 Nb4 0-1

[Event "Muensterland Regionalliga 1819"]
[Site "Germany"]
[Date "2019.01.12"]
[Round "5.4"]
[White "Naumann, Felix"]
[Black "Mueschenich, Stefan"]
[Result "0-1"]
[WhiteElo "1860"]
[BlackElo "2077"]
[PlyCount "127"]
[EventDate "2018.09.08"]
[EventType "team-tourn"]
[EventRounds "9"]
[EventCountry "GER"]
[SourceTitle "EXT 2020"]
[Source "ChessBase"]
[SourceDate "2019.10.17"]
[SourceVersion "1"]
[SourceVersionDate "2019.10.17"]
[SourceQuality "1"]
[WhiteTeam "Bocholt"]
[BlackTeam "Muenster II"]
[WhiteTeamCountry "GER"]
[BlackTeamCountry "GER"]

1. d4 c5 2. Nf3 cxd4 3. Nxd4 Nc6 4. e4 Nf6 5. Nc3 d6 6. Bc4 Bd7 7. Bg5 e6 8. 0-0 a6 9. Kh1 Qb6 10. Nb3 Be7 11. Qd2 Qc7 12. f4 0-0 13. f5 Ne5 14. Bd3 Rad8 15. Nd4 Bc8 16. Nf3 Nc4 17. Bxc4 Qxc4 18. Qd4 Qc7 19. Qd3 b5 20. a3 h6 21. Bh4 Ng4 22. Bxe7 Qxe7 23. h3 Ne5 24. Nxe5 dxe5 25. Qg3 f6 26. fxe6 Bxe6 27. Rad1 Qf7 28. Qe3 Bc4 29. Rf2 Rxd1+ 30. Nxd1 Rd8 31. Nc3 Qd7 32. Qb6 Qd4 33. Nd5 Qxb6 34. Nxb6 Be6 35. a4 Rd4 36. axb5 axb5 37. Re2 Rd6 38. Na8 Rc6 39. Rd2 Kf7 40. c3 Ke7 41. Rd1 Rc4 42. Re1 g6 43. Kg1 b4 44. Nb6 Rc6 45. Nd5+ Bxd5 46. exd5 Rc5 47. cxb4 Rxd5 48. Rc1 Kd6 49. b3 Rd3 50. b5 Rxb3 51. Rc6+ Ke7 52. b6 g5 53. Kf2 h5 54. g3 h4 55. gxh4 gxh4 56. Rc7+ Kd6 57. Rf7 Ke6 58. Rh7 Rxh3 59. Rh8 Rb3 60. Rb8 Kf5 61. b7 h3 62. Rh8 Rxb7 63. Rxh3 Ke6 64. Ra3 0-1

[Event "Muensterland Regionalliga 1617"]
[Site "Germany"]
[Date "2017.01.14"]
[Round "5.5"]
[White "Haas, Kai Markus"]
[Black "Naumann, Felix"]
[Result "0-1"]
[WhiteElo "1963"]
[BlackElo "1812"]
[PlyCount "106"]
[EventDate "2016.09.17"]
[EventType "team"]
[EventRounds "9"]
[EventCountry "GER"]
[SourceTitle "EXT 2018"]
[Source "ChessBase"]
[SourceDate "2017.10.13"]
[SourceVersion "1"]
[SourceVersionDate "2017.10.13"]
[SourceQuality "1"]
[WhiteTeam "Nienberge"]
[BlackTeam "Bocholt"]
[WhiteTeamCountry "GER"]
[BlackTeamCountry "GER"]

1. e4 c5 2. Ne2 d6 3. d4 cxd4 4. Nxd4 Nf6 5. f3 a6 6. c4 Nc6 7. Nc3 g6 8. Be3 Bg7 9. Be2 Bd7 10. 0-0 Rc8 11. Qd2 Qc7 12. Rac1 e6 13. Rfd1 Ne5 14. b3 h5 15. h3 Ke7 16. Bg5 Rhd8 17. f4 Nc6 18. Kh1 Kf8 19. Nf3 Be8 20. Qe3 Ne7 21. Bd3 Bd7 22. Bb1 Bc6 23. Nd4 Rd7 24. b4 b6 25. Rf1 Ba8 26. Nce2 Qb7 27. Ng3 Rdc7 28. Bd3 Nf5 29. Ndxf5 exf5 30. Rfe1 Re8 31. Qd4 Nxe4 32. Qe3 Re6 33. Bxe4 fxe4 34. f5 gxf5 35. Nxf5 Rg6 36. Rf1 Be5 37. Rc2 b5 38. Rfc1 Qc8 39. Nh4 Rg8 40. Bh6+ Ke8 41. Qe2 e3 42. Nf3 Rg3 43. cxb5 Rxh3+ 44. Kg1 Bxf3 45. Qxf3 Rxf3 46. Rxc7 Qg4 47. R7c4 Qg3 48. Rc8+ Ke7 49. R1c7+ Kf6 50. Rxf7+ Kxf7 51. Rf8+ Ke6 52. Rxf3 Qe1+ 53. Rf1 Bh2+ 0-1

[Event "Dortmund Sparkassen op-B 44th"]
[Site "Dortmund"]
[Date "2016.07.09"]
[Round "1"]
[White "Naumann, Felix"]
[Black "Vorobyov, Boris"]
[Result "1-0"]
[WhiteElo "1812"]
[BlackElo "1566"]
[PlyCount "66"]
[EventDate "2016.07.09"]
[EventType "swiss"]
[EventRounds "9"]
[EventCountry "GER"]
[SourceTitle "CBM 173 Extra"]
[Source "ChessBase"]
[SourceDate "2016.08.29"]
[SourceVersion "1"]
[SourceVersionDate "2016.08.29"]
[SourceQuality "1"]

1. d4 d5 2. Nf3 Nf6 3. Bf4 Bf5 4. e3 e6 5. c4 c6 6. Qb3 Qb6 7. c5 Qxb3 8. axb3 Nbd7 9. Nc3 Be7 10. b4 0-0 11. b5 Nh5 12. Bg3 Nxg3 13. hxg3 e5 14. b4 Bf6 15. Kd2 Be4 16. dxe5 Nxe5 17. Nd4 Rfc8 18. f4 Ng4 19. Be2 Nh6 20. bxc6 bxc6 21. g4 Bxd4 22. exd4 Bxg2 23. Rh2 Be4 24. Nxe4 dxe4 25. g5 Nf5 26. Bg4 g6 27. Bxf5 gxf5 28. Ra6 f6 29. gxf6 Kf7 30. Rxh7+ Kxf6 31. Rh6+ Ke7 32. Raxc6 Rxc6 33. Rxc6 a5 1-0

[Event "Muensterland Verbandsliga 1516"]
[Site "Germany"]
[Date "2015.09.12"]
[Round "1.3"]
[White "Naumann, Felix"]
[Black "Hanewinkel, Martin"]
[Result "1/2-1/2"]
[WhiteElo "1805"]
[BlackElo "1841"]
[PlyCount "38"]
[EventDate "2015.09.12"]
[EventType "team"]
[EventRounds "9"]
[EventCountry "GER"]
[SourceTitle "EXT 2017"]
[Source "ChessBase"]
[SourceDate "2016.10.25"]
[SourceVersion "1"]
[SourceVersionDate "2016.10.25"]
[SourceQuality "1"]
[WhiteTeam "Bocholt"]
[BlackTeam "Beelen"]
[WhiteTeamCountry "GER"]
[BlackTeamCountry "GER"]

1. d4 Nf6 2. Nf3 e6 3. Bf4 d5 4. e3 c5 5. c3 cxd4 6. exd4 a6 7. Bd3 h6 8. h3 Nc6 9. Ne5 Bd6 10. Nxc6 bxc6 11. Bxd6 Qxd6 12. 0-0 0-0 13. Nd2 c5 14. Qe2 a5 15. Rfc1 cxd4 16. cxd4 Ba6 17. Rc2 Bxd3 18. Qxd3 Rfc8 19. Rac1 Rxc2 1/2-1/2

[Event "Muensterland Regionalliga 1415"]
[Site "Germany"]
[Date "2014.10.25"]
[Round "2.8"]
[White "Naumann, Felix"]
[Black "Buss, Harald"]
[Result "1/2-1/2"]
[WhiteElo "1740"]
[BlackElo "1788"]
[PlyCount "69"]
[EventDate "2014.09.20"]
[EventType "team-tourn"]
[EventRounds "9"]
[EventCountry "GER"]
[SourceTitle "EXT 2016"]
[Source "ChessBase"]
[SourceDate "2015.10.08"]
[SourceVersion "1"]
[SourceVersionDate "2015.10.08"]
[SourceQuality "1"]
[WhiteTeam "Bocholt"]
[BlackTeam "Nienberge"]
[WhiteTeamCountry "GER"]
[BlackTeamCountry "GER"]

1. d4 Nf6 2. Nf3 e6 3. Bf4 b6 4. e3 Be7 5. Nbd2 0-0 6. Bd3 c5 7. c3 Ba6 8. Bxa6 Nxa6 9. 0-0 Nh5 10. Bg3 Nxg3 11. hxg3 d6 12. Rc1 Qd7 13. Qe2 Qb7 14. Rfd1 cxd4 15. Nxd4 Rfd8 16. N2b3 Nc5 17. Nxc5 dxc5 18. Nf3 Qc7 19. e4 h6 20. Rc2 Rxd1+ 21. Qxd1 Rd8 22. Rd2 Rxd2 23. Qxd2 Bf6 24. Qd3 c4 25. Qe3 Be7 26. e5 Bc5 27. Qd2 Kf8 28. Kf1 Ke8 29. Ke2 Qc6 30. Qc2 b5 31. g4 Qd5 32. a4 a6 33. axb5 axb5 34. Qb1 Ke7 35. Ke1 1/2-1/2

[Event "Muensterland Regionalliga 1415"]
[Site "Germany"]
[Date "2014.09.20"]
[Round "1.6"]
[White "Pliete, Christian"]
[Black "Naumann, Felix"]
[Result "1-0"]
[WhiteElo "1797"]
[BlackElo "1740"]
[PlyCount "59"]
[EventDate "2014.09.20"]
[EventType "team-tourn"]
[EventRounds "9"]
[EventCountry "GER"]
[SourceTitle "EXT 2016"]
[Source "ChessBase"]
[SourceDate "2015.10.08"]
[SourceVersion "1"]
[SourceVersionDate "2015.10.08"]
[SourceQuality "1"]
[WhiteTeam "Raesfeld Erle"]
[BlackTeam "Bocholt"]
[WhiteTeamCountry "GER"]
[BlackTeamCountry "GER"]

1. e4 c5 2. Nf3 d6 3. d4 cxd4 4. Nxd4 Nf6 5. Bd3 a6 6. 0-0 e5 7. Nf3 Be7 8. c3 Nc6 9. Bg5 0-0 10. Nbd2 Qc7 11. Bc2 Be6 12. Re1 Rad8 13. Nf1 d5 14. exd5 Bxd5 15. Qe2 Rfe8 16. Ne3 Be6 17. Nf5 Bxf5 18. Bxf5 h6 19. Bh4 Rd5 20. Rad1 Red8 21. Rxd5 Rxd5 22. Bc2 Qd7 23. Bb3 Rc5 24. Rd1 Qg4 25. h3 Qh5 26. Bxf6 Bxf6 27. Qe4 Nd8 28. Kh2 Kh8 29. Bc2 g6 30. g4 1-0

[Event "Dortmund Sparkassen op-B"]
[Site "Dortmund"]
[Date "2013.08.04"]
[Round "9"]
[White "Naumann, Felix"]
[Black "Ophuels, Jan"]
[Result "1/2-1/2"]
[WhiteElo "1721"]
[BlackElo "1764"]
[PlyCount "45"]
[EventDate "2013.07.27"]
[EventType "swiss"]
[EventRounds "9"]
[EventCountry "GER"]
[SourceTitle "EXT 2022"]
[Source "ChessBase"]
[SourceDate "2021.10.06"]
[SourceVersion "1"]
[SourceVersionDate "2021.10.06"]
[SourceQuality "1"]

1. d4 c5 2. Nf3 cxd4 3. Nxd4 Nc6 4. e4 e6 5. Nc3 Bb4 6. Nxc6 bxc6 7. Bd2 d5 8. exd5 cxd5 9. Qg4 Bf8 10. Qg3 Bd7 11. Nb5 Rc8 12. Bd3 Qb6 13. a4 Nf6 14. a5 Qb7 15. a6 Qb6 16. Ba5 Bb4+ 17. Bxb4 Bxb5 18. Qxg7 Bxd3 19. Qxh8+ Kd7 20. Qxf6 Qxb4+ 21. Kd1 Bxc2+ 22. Ke2 Bd3+ 23. Kd1 1/2-1/2

[Event "Dortmund Sparkassen op-B"]
[Site "Dortmund"]
[Date "2013.08.02"]
[Round "7"]
[White "Naumann, Felix"]
[Black "Matrisch, Gerd"]
[Result "1/2-1/2"]
[WhiteElo "1721"]
[BlackElo "1913"]
[PlyCount "60"]
[EventDate "2013.07.27"]
[EventType "swiss"]
[EventRounds "9"]
[EventCountry "GER"]
[SourceTitle "EXT 2022"]
[Source "ChessBase"]
[SourceDate "2021.10.06"]
[SourceVersion "1"]
[SourceVersionDate "2021.10.06"]
[SourceQuality "1"]

1. d4 Nf6 2. Bf4 d6 3. Nf3 g6 4. Nbd2 Bg7 5. e3 Bf5 6. Be2 0-0 7. 0-0 Nd5 8. Bg3 Nb6 9. c3 Nc6 10. d5 Ne5 11. Nxe5 Bxe5 12. f4 Bg7 13. e4 Bd7 14. Bg4 e6 15. dxe6 fxe6 16. Nb3 Kh8 17. Nd4 Qe7 18. Qd3 e5 19. Bxd7 Nxd7 20. Nb5 Nc5 21. Qd5 a6 22. fxe5 dxe5 23. Na3 c6 24. Qc4 b5 25. Qe2 Rfd8 26. Nc2 Rd6 27. Rad1 Rad8 28. Rxd6 Rxd6 29. Ne1 Qe6 30. b3 a5 1/2-1/2

[Event "NRW Class1 1213"]
[Site "Germany"]
[Date "2013.04.07"]
[Round "8.8"]
[White "Jaeger, Martin"]
[Black "Naumann, Felix"]
[Result "1/2-1/2"]
[WhiteElo "2065"]
[BlackElo "1557"]
[PlyCount "120"]
[EventDate "2012.09.16"]
[EventType "team-tourn"]
[EventRounds "9"]
[EventCountry "GER"]
[SourceTitle "EXT 2017"]
[Source "ChessBase"]
[SourceDate "2016.10.25"]
[SourceVersion "1"]
[SourceVersionDate "2016.10.25"]
[SourceQuality "1"]
[WhiteTeam "Dinslaken"]
[BlackTeam "Bocholt"]
[WhiteTeamCountry "GER"]
[BlackTeamCountry "GER"]

1. d4 Nf6 2. Nf3 g6 3. Nc3 Bg7 4. e4 d6 5. Be3 0-0 6. Qd2 e5 7. d5 Nbd7 8. h3 b6 9. Bh6 Nc5 10. Bxg7 Kxg7 11. Qe3 Ng8 12. g4 h6 13. 0-0-0 a6 14. Rg1 b5 15. h4 b4 16. Ne2 a5 17. g5 h5 18. Nxe5 Qe7 19. Nc6 Qxe4 20. Qxe4 Nxe4 21. f3 Nc5 22. Nf4 Bf5 23. Bb5 Rfe8 24. Rde1 Rxe1+ 25. Rxe1 Kf8 26. Kd2 Bd7 27. Nd3 Nxd3 28. Kxd3 Bxc6 29. Bxc6 Rb8 30. Kc4 Ne7 31. Bd7 Rd8 32. Bh3 Rb8 33. Re2 Rb6 34. Bd7 Rb8 35. f4 Nf5 36. Bxf5 gxf5 37. Re3 Rb6 38. Rb3 c5 39. dxc6 Rxc6+ 40. Kd3 Rc5 41. c3 bxc3 42. Rxc3 Rd5+ 43. Ke3 Rd1 44. Ra3 Rd5 45. Rd3 Rb5 46. b3 Ke7 47. Rd4 Ke6 48. Rc4 Rc5 49. Kd4 Rd5+ 50. Ke3 Rc5 51. Rxc5 dxc5 52. Kd3 Kd5 53. a3 Kc6 54. Kc4 Kd6 55. a4 Kc6 56. Kc3 Kd6 57. Kd2 Ke7 58. Ke3 Kd6 59. Kd2 Ke7 60. Kc2 Kd6 1/2-1/2

[Event "Dortmund Sparkassen op-B"]
[Site "Dortmund"]
[Date "2012.07.21"]
[Round "8"]
[White "Naumann, Felix"]
[Black "Rieger, Mario"]
[Result "1-0"]
[WhiteElo "1557"]
[BlackElo "1691"]
[PlyCount "93"]
[EventDate "2012.07.14"]
[EventType "swiss"]
[EventRounds "9"]
[EventCountry "GER"]
[SourceTitle "EXT 2014"]
[Source "ChessBase"]
[SourceDate "2013.11.20"]
[SourceVersion "1"]
[SourceVersionDate "2013.11.20"]
[SourceQuality "1"]

1. d4 d5 2. Bf4 c6 3. c3 Bf5 4. Nd2 Nd7 5. Ngf3 e6 6. e3 Ngf6 7. Be2 Qb6 8. Qb3 Qxb3 9. axb3 Ne4 10. Nxe4 Bxe4 11. 0-0 Be7 12. Rfc1 0-0 13. Nd2 Bg6 14. c4 Bb4 15. Nf3 h6 16. c5 Rfe8 17. Bc7 Rec8 18. Ba5 Bxa5 19. Rxa5 b6 20. cxb6 axb6 21. Ra6 Rxa6 22. Bxa6 Ra8 23. Bb7 Ra2 24. Bxc6 Nf6 25. h3 Rxb2 26. Ba4 Bc2 27. Ne1 Bg6 28. Nf3 Ne4 29. Rc8+ Kh7 30. Rc6 Rb1+ 31. Kh2 Nxf2 32. Rxb6 Rh1+ 33. Kg3 Ne4+ 34. Kf4 Bf5 35. Rb7 g5+ 36. Ke5 Kg6 37. Be8 Kg7 38. Bxf7 Kf8 39. Bxe6 Bxe6 40. Kxe6 Rc1 41. Kxd5 Nc3+ 42. Ke5 Nd1 43. e4 Rc2 44. d5 Rxg2 45. Ke6 Rg3 46. Rf7+ Ke8 47. Rc7 1-0

[Event "Dortmund Sparkassen op-B"]
[Site "Dortmund"]
[Date "2012.07.16"]
[Round "3"]
[White "Naumann, Felix"]
[Black "Litfin, Boris"]
[Result "0-1"]
[WhiteElo "1557"]
[BlackElo "1811"]
[PlyCount "50"]
[EventDate "2012.07.14"]
[EventType "swiss"]
[EventRounds "9"]
[EventCountry "GER"]
[SourceTitle "EXT 2014"]
[Source "ChessBase"]
[SourceDate "2013.11.20"]
[SourceVersion "1"]
[SourceVersionDate "2013.11.20"]
[SourceQuality "1"]

1. d4 d6 2. Bf4 Nf6 3. e3 g6 4. Bd3 Bg7 5. Nd2 0-0 6. Ngf3 Nc6 7. c3 h6 8. h3 Nd7 9. Qe2 f5 10. 0-0-0 e5 11. dxe5 Ndxe5 12. Nxe5 dxe5 13. Bh2 Qe8 14. g4 fxg4 15. hxg4 Be6 16. a3 Rd8 17. f4 Bxg4 18. Qxg4 Rxd3 19. fxe5 Rxe3 20. Bf4 Nxe5 21. Bxe5 Qxe5 22. Qxg6 Rf5 23. Nc4 Rxc3+ 24. bxc3 Qxc3+ 25. Kb1 Rb5+ 0-1

[Event "Dortmund Sparkassen op-B"]
[Site "Dortmund"]
[Date "2011.07.29"]
[Round "7"]
[White "Naumann, Felix"]
[Black "Skapski, Miroslav"]
[Result "1-0"]
[WhiteElo "1462"]
[BlackElo "1545"]
[PlyCount "79"]
[EventDate "2011.07.23"]
[EventType "swiss"]
[EventRounds "9"]
[EventCountry "GER"]
[SourceTitle "EXT 2013"]
[Source "ChessBase"]
[SourceDate "2012.11.22"]
[SourceVersion "1"]
[SourceVersionDate "2012.11.22"]
[SourceQuality "1"]

1. d4 d5 2. Bf4 Nf6 3. e3 e6 4. Nf3 Nbd7 5. Bd3 c5 6. c3 cxd4 7. exd4 Be7 8. Nbd2 a6 9. Ne5 Qb6 10. Rb1 Bd6 11. Ndf3 Qc7 12. Qe2 h6 13. Bg3 b5 14. Nxd7 Nxd7 15. Bxd6 Qxd6 16. 0-0 0-0 17. Rfe1 Bb7 18. Nh4 Nf6 19. g3 Rfe8 20. f4 Rac8 21. Nf3 b4 22. Rec1 Ne4 23. c4 f6 24. c5 Qc6 25. a3 bxa3 26. bxa3 Re7 27. Rb6 Qc7 28. Qb2 g5 29. c6 Nd6 30. fxg5 hxg5 31. Rc2 Nc4 32. Bxc4 dxc4 33. Rxb7 Qxc6 34. Rxe7 Qxf3 35. Qc1 c3 36. Rxe6 Qd5 37. Qe3 Rb8 38. Re8+ Rxe8 39. Qxe8+ Kg7 40. Qe3 1-0

[Event "Dortmund Sparkassen op-B"]
[Site "Dortmund"]
[Date "2011.07.28"]
[Round "6"]
[White "Lange, Hans Werner"]
[Black "Naumann, Felix"]
[Result "1-0"]
[WhiteElo "1611"]
[BlackElo "1462"]
[PlyCount "58"]
[EventDate "2011.07.23"]
[EventType "swiss"]
[EventRounds "9"]
[EventCountry "GER"]
[SourceTitle "EXT 2013"]
[Source "ChessBase"]
[SourceDate "2012.11.22"]
[SourceVersion "1"]
[SourceVersionDate "2012.11.22"]
[SourceQuality "1"]

1. e4 e6 2. f4 d5 3. e5 c5 4. Nf3 Nc6 5. c3 Qb6 6. a4 c4 7. Na3 a6 8. d3 cxd3 9. Bxd3 Nge7 10. Qe2 Ng6 11. b4 Bd7 12. Be3 Qc7 13. Nc2 Be7 14. 0-0 f6 15. b5 Na5 16. f5 Nxe5 17. fxe6 Bxe6 18. Ncd4 Bg4 19. Bf5 Bxf3 20. Nxf3 Qxc3 21. Rac1 Nxf3+ 22. Qxf3 Qe5 23. Bb6 Nc4 24. Qh5+ Kf8 25. Rce1 Qc3 26. Be6 g6 27. Qh6+ Ke8 28. Qg7 Nxb6 29. Qxh8+ Bf8 1-0

[Event "Dortmund Sparkassen op-B"]
[Site "Dortmund"]
[Date "2011.07.27"]
[Round "5"]
[White "Naumann, Felix"]
[Black "Benning, Martin"]
[Result "1-0"]
[WhiteElo "1462"]
[BlackElo "1531"]
[PlyCount "45"]
[EventDate "2011.07.23"]
[EventType "swiss"]
[EventRounds "9"]
[EventCountry "GER"]
[SourceTitle "EXT 2013"]
[Source "ChessBase"]
[SourceDate "2012.11.22"]
[SourceVersion "1"]
[SourceVersionDate "2012.11.22"]
[SourceQuality "1"]

1. d4 Nf6 2. Bf4 d5 3. e3 e6 4. Bd3 c5 5. c3 cxd4 6. exd4 Bd6 7. Bg3 Bxg3 8. hxg3 Nbd7 9. Qe2 Qc7 10. f4 Nb6 11. Nd2 Bd7 12. Ngf3 Na4 13. Nb3 Nxb2 14. Qxb2 h6 15. Ne5 Ne4 16. Bxe4 dxe4 17. Nxd7 Qxd7 18. Nc5 Qc7 19. Qxb7 Rc8 20. Qxc7 Rxc7 21. Nxe4 f5 22. Nc5 Kf7 23. Kf2 1-0

[Event "Dortmund Sparkassen op-B"]
[Site "Dortmund"]
[Date "2011.07.25"]
[Round "3"]
[White "Naumann, Felix"]
[Black "Czilwik, Matthias"]
[Result "1-0"]
[WhiteElo "1462"]
[BlackElo "999"]
[PlyCount "43"]
[EventDate "2011.07.23"]
[EventType "swiss"]
[EventRounds "9"]
[EventCountry "GER"]
[SourceTitle "EXT 2013"]
[Source "ChessBase"]
[SourceDate "2012.11.22"]
[SourceVersion "1"]
[SourceVersionDate "2012.11.22"]
[SourceQuality "1"]

1. d4 Nf6 2. Bf4 g6 3. e3 Bg7 4. Nf3 d6 5. Nbd2 0-0 6. c3 Nbd7 7. h3 Nb6 8. Qc2 d5 9. Bd3 Bd7 10. Ne5 e6 11. g4 h6 12. h4 h5 13. gxh5 Nxh5 14. Bg5 f6 15. Bxg6 fxg5 16. Bxh5 gxh4 17. Ndf3 Be8 18. Bg6 Bxe5 19. Nxe5 Bxg6 20. Qxg6+ Kh8 21. Rg1 Qf6 22. Qh5+ 1-0